01649nam a2200397 i 450000100060000000300090000600500170001500800410003201500180007302000180009104000280010904100130013704600090015008000110015908000110017008000140018124503520019524600620054724600100060926000830061930000330070233600270073533700540076233800280081638000160084438800100086050400120087064800100088265000680089265000340096065000210099465800340101565800370104971000670108685600980115354311KOSZ 00520220913144223.0080421s2007 pl |001 0 pol  aPB 2008/12568 a9788372282057 aWA NcWA NdKOSZ 005/HR1 apolheng k2007 a341.22 a346.52 a347.728.100aMiędzynarodowe Standardy Sprawozdawczości Finansowej (MSSF) 2007 :bobejmujące Międzynarodowe Standardy Sprawozdawczości Finansowej (MSSF) oraz Interpretacje według stanu na dzień 1 stycznia 2007 r.nT. 1.,pKompletny tekst Międzynarodowych Standardów Sprawozdawczości Finansowej obowiązujących na dzień 1 stycznia 2007 r.1 iTyt. oryg.:aInternational Financial Reporting Standards.30aMSSF. a[Warszawa] :bStowarzyszenie Księgowych w Polsce. Zarząd Główny,c2007. aXIII, [1], 1808 s. ;c24 cm. 2rdacontentaTekstbtxt 2rdamediaaBez urządzenia pośredniczącegobn 2rdacarrieraWoluminbnc aKsiążki a2001- aIndeks. 7a2001- 4aMiędzynarodowe Standardy Sprawozdawczości Finansowej (MSSF) 4aSprawozdawczość finansowa 4aRachunkowość aGospodarka, ekonomia, finanse aPrawo i wymiar sprawiedliwości2 aZarząd Główny (Stowarzyszenie Księgowych w Polsce)4pbl uhttp://koha.tu.koszalin.pl/cgi-bin/koha/opac-detail.pl?biblionumber=54311yKatalog online BPK